[Event "DSOL 08 Liga Gr-C 1st"]
[Site "Playchess.com INT"]
[Date "2020.08.12"]
[Round "2.4"]
[White "Brueckner, Michael"]
[Black "Eisenschink, Fabian"]
[Result "0-1"]
[WhiteElo "1316"]
[BlackElo "793"]
[PlyCount "38"]
[EventDate "2020.06.22"]
[EventType "team-tourn (rapid)"]
[EventCountry "GER"]
[SourceTitle "EXT 2021"]
[Source "ChessBase"]
[SourceDate "2020.10.23"]
[SourceVersion "1"]
[SourceVersionDate "2020.10.23"]
[SourceQuality "1"]
[WhiteTeam "Rinteln III"]
[BlackTeam "Kelheim IV"]
[WhiteTeamCountry "GER"]
[BlackTeamCountry "GER"]

1. e4 e5 2. Nf3 Nc6 3. Bc4 Bc5 4. d3 d6 5. Be3 Bxe3 6. fxe3 Bg4 7. Nbd2 Nf6 8. 0-0 0-0 9. Qe1 Nb4 10. Bb3 Qd7 11. Qh4 h6 12. Rf2 Qc6 13. Raf1 Nxc2 14. Nxe5 dxe5 15. Rxf6 Qc5 16. Qxg4 Nxe3 17. Bxf7+ Rxf7 18. Qg6 Nxf1+ 19. Kh1 Rxf6 0-1

[Event "DSOL 08 Liga Gr-C 1st"]
[Site "Playchess.com INT"]
[Date "2020.06.25"]
[Round "1.4"]
[White "Burban, Bogdan"]
[Black "Brueckner, Michael"]
[Result "1-0"]
[WhiteElo "794"]
[BlackElo "1316"]
[PlyCount "65"]
[EventDate "2020.06.22"]
[EventType "team-tourn (rapid)"]
[EventCountry "GER"]
[SourceTitle "EXT 2021"]
[Source "ChessBase"]
[SourceDate "2020.10.23"]
[SourceVersion "1"]
[SourceVersionDate "2020.10.23"]
[SourceQuality "1"]
[WhiteTeam "Paderborn Akademie III"]
[BlackTeam "Rinteln III"]
[WhiteTeamCountry "GER"]
[BlackTeamCountry "GER"]

1. d4 d5 2. c4 e6 3. cxd5 exd5 4. Nf3 Nf6 5. g3 Bb4+ 6. Bd2 Bxd2+ 7. Nbxd2 0-0 8. Bg2 c6 9. 0-0 Be6 10. e3 Nbd7 11. Qc2 Re8 12. Nb3 b6 13. Qxc6 Rc8 14. Qa4 Qc7 15. Rfc1 Qb8 16. Qa6 Nf8 17. Ne5 Rxc1+ 18. Rxc1 Bc8 19. Qb5 Bf5 20. Bxd5 Nxd5 21. Qxd5 Be6 22. Qb5 Bd7 23. Nxd7 Nxd7 24. Qxd7 h6 25. Rc7 Rf8 26. Rxa7 Qc8 27. Qxc8 Rxc8 28. Rb7 Rc2 29. Rb8+ Kh7 30. d5 Rxb2 31. d6 Rb1+ 32. Kg2 Rd1 33. Nd4 1-0

[Event "Hannover Bezirks-ch C"]
[Site "Lehrte"]
[Date "2019.10.05"]
[Round "5.7"]
[White "Margaryan, Venera"]
[Black "Brueckner, Michael"]
[Result "1/2-1/2"]
[WhiteElo "1222"]
[BlackElo "1344"]
[PlyCount "98"]
[EventDate "2019.10.03"]
[EventType "swiss"]
[EventRounds "7"]
[EventCountry "GER"]
[SourceTitle "EXT 2023"]
[Source "ChessBase"]
[SourceDate "2022.10.05"]
[SourceVersion "1"]
[SourceVersionDate "2022.10.05"]
[SourceQuality "1"]

1. d4 d5 2. c4 Nf6 3. Bf4 e6 4. e3 Bd6 5. Bxd6 cxd6 6. Nd2 0-0 7. Rc1 Nbd7 8. g3 b6 9. cxd5 Nxd5 10. Bg2 Bb7 11. Ne2 Nxe3 12. fxe3 Bxg2 13. Rg1 Bb7 14. Qc2 Rc8 15. Qd3 Rxc1+ 16. Nxc1 Qc8 17. Kf2 Nf6 18. Re1 Ng4+ 19. Kg1 Qc6 20. e4 f5 21. Qc3 fxe4 22. Qxc6 Bxc6 23. Nxe4 d5 24. Ng5 Nf6 25. Rxe6 Bd7 26. Re7 Re8 27. Rxe8+ Bxe8 28. Kg2 a6 29. Kf3 h6 30. Ne6 Bh5+ 31. Kf4 Kf7 32. Ke5 Ke7 33. Nc7 Ng4+ 34. Kxd5 Nxh2 35. Nxa6 Nf1 36. Kc6 Nxg3 37. Kxb6 Kd6 38. Nb3 Bf7 39. Nac5 Bxb3 40. Nxb3 h5 41. Nd2 h4 42. Nf3 h3 43. a4 Nf5 44. a5 Nxd4 45. Nh2 Nc6 46. a6 g5 47. b4 Nxb4 48. a7 Nd5+ 49. Kb7 Nc7 1/2-1/2

[Event "Hannover Bezirks-ch C"]
[Site "Lehrte"]
[Date "2019.10.04"]
[Round "3.1"]
[White "Szymanski, Andreas"]
[Black "Brueckner, Michael"]
[Result "1-0"]
[WhiteElo "1393"]
[BlackElo "1344"]
[PlyCount "97"]
[EventDate "2019.10.03"]
[EventType "swiss"]
[EventRounds "7"]
[EventCountry "GER"]
[SourceTitle "EXT 2023"]
[Source "ChessBase"]
[SourceDate "2022.10.05"]
[SourceVersion "1"]
[SourceVersionDate "2022.10.05"]
[SourceQuality "1"]

1. e4 e5 2. Nf3 Nc6 3. Bc4 Nf6 4. Ng5 Bc5 5. Bxf7+ Ke7 6. Bd5 Nxd5 7. exd5 Qf8 8. Ne4 Nd4 9. Nxc5 d6 10. Ne4 Bf5 11. Nbc3 Qf7 12. d3 Kd7 13. Be3 Raf8 14. f3 Qg6 15. Qd2 c6 16. 0-0-0 Rc8 17. Rdf1 Kc7 18. g4 Bd7 19. Ne2 Nxe2+ 20. Qxe2 cxd5 21. Nd2 d4 22. Bf2 Rhe8 23. Ne4 Kb8 24. Kb1 d5 25. Nd2 Qa6 26. Bg3 Ka8 27. Bxe5 Bb5 28. f4 Re6 29. Nb3 Qa4 30. Qf2 Ra6 31. a3 Bxd3 32. Nxd4 Bxf1 33. Rxf1 b5 34. Nb3 Qc4 35. h3 g6 36. f5 Rac6 37. Bc3 Qe4 38. Re1 Qa4 39. fxg6 hxg6 40. Qf7 Qa6 41. Qxd5 Qb7 42. Na5 Qb6 43. Nxc6 Qxc6 44. Qxc6+ Rxc6 45. Rf1 Re6 46. Rf6 Re3 47. Rxg6 Rxh3 48. g5 Kb7 49. Rh6 1-0

[Event "Hannover Bezirk-ch C"]
[Site "Hannover"]
[Date "2018.10.07"]
[Round "7.7"]
[White "Brueckner, Michael"]
[Black "Mueller, Marcus"]
[Result "0-1"]
[WhiteElo "1324"]
[BlackElo "1565"]
[PlyCount "62"]
[EventDate "2018.10.04"]
[EventType "swiss"]
[EventRounds "7"]
[EventCountry "GER"]
[SourceTitle "EXT 2022"]
[Source "ChessBase"]
[SourceDate "2021.10.06"]
[SourceVersion "1"]
[SourceVersionDate "2021.10.06"]
[SourceQuality "1"]

1. e4 c5 2. Nf3 d6 3. Nc3 Nf6 4. Bc4 e5 5. d3 Be7 6. Bg5 0-0 7. Qd2 Be6 8. Bxe6 fxe6 9. 0-0-0 Ng4 10. Bxe7 Qxe7 11. h3 Nf6 12. g4 Nxg4 13. hxg4 Rxf3 14. Qe2 Rf4 15. Kb1 Qg5 16. f3 g6 17. Nb5 Qe7 18. Rh3 a6 19. Nc3 Nc6 20. Qh2 Raf8 21. Rf1 Nd4 22. a3 Nxf3 23. Qg2 Nd2+ 24. Qxd2 Rxf1+ 25. Ka2 R8f4 26. Qg2 Qg5 27. Qh2 R4f2 28. Qg3 Qf6 29. g5 Qf4 30. Qxf4 Rxf4 31. Ne2 R4f2 0-1

[Event "Niedersachsen-ch op C"]
[Site "Verden"]
[Date "2018.01.05"]
[Round "4"]
[White "Von Knobloch, Trutz"]
[Black "Brueckner, Michael"]
[Result "1-0"]
[WhiteElo "1218"]
[BlackElo "1328"]
[PlyCount "63"]
[EventDate "2018.01.04"]
[EventType "swiss"]
[EventRounds "7"]
[EventCountry "GER"]
[SourceTitle "EXT 2022"]
[Source "ChessBase"]
[SourceDate "2021.10.06"]
[SourceVersion "1"]
[SourceVersionDate "2021.10.06"]
[SourceQuality "1"]

1. d4 d5 2. c4 e6 3. Nc3 Nf6 4. Bg5 Be7 5. e3 Nbd7 6. a3 b6 7. Bf4 Bd6 8. Bxd6 cxd6 9. cxd5 Bb7 10. dxe6 fxe6 11. Nf3 0-0 12. Ng5 Qe7 13. Qb3 Nd5 14. Nce4 h6 15. h4 N7f6 16. Qc2 Nxe4 17. Qxe4 Nf6 18. Qxe6+ Qxe6 19. Nxe6 Rf7 20. Bc4 d5 21. Bd3 Re7 22. Nf4 Rc8 23. 0-0 g5 24. hxg5 hxg5 25. Ng6 Rg7 26. Rac1 Ne4 27. Rxc8+ Bxc8 28. Bxe4 dxe4 29. Rc1 Bf5 30. Ne5 g4 31. Kh2 Re7 32. Kg3 1-0

[Event "Hannover-chC"]
[Site "Lehrte"]
[Date "2016.10.03"]
[Round "6"]
[White "Brueckner, Michael"]
[Black "Arban, Jens"]
[Result "1/2-1/2"]
[WhiteElo "1319"]
[BlackElo "1347"]
[PlyCount "42"]
[EventDate "2016.10.01"]
[EventType "swiss"]
[EventRounds "7"]
[EventCountry "GER"]
[SourceTitle "EXT 2020"]
[Source "ChessBase"]
[SourceDate "2019.10.17"]
[SourceVersion "1"]
[SourceVersionDate "2019.10.17"]
[SourceQuality "1"]

1. e4 e5 2. Nf3 Nc6 3. Nc3 Nf6 4. Bc4 Be7 5. d4 exd4 6. Nxd4 Nxd4 7. Qxd4 d6 8. Bg5 h6 9. Bh4 Be6 10. Bxe6 fxe6 11. 0-0-0 e5 12. Qa4+ Qd7 13. Qxd7+ Nxd7 14. Bxe7 Kxe7 15. Nd5+ Kd8 16. Rhf1 Nb6 17. f4 Nxd5 18. Rxd5 Rf8 19. g3 g5 20. Rd2 Ke7 21. Rdf2 g4 1/2-1/2

[Event "Hannover-chA"]
[Site "Lehrte"]
[Date "2015.11.01"]
[Round "7"]
[White "Nagel, Detlev"]
[Black "Brueckner, Michael"]
[Result "1-0"]
[WhiteElo "1487"]
[BlackElo "1317"]
[PlyCount "87"]
[EventDate "2015.10.29"]
[EventType "swiss"]
[EventRounds "7"]
[EventCountry "GER"]
[SourceTitle "EXT 2021"]
[Source "ChessBase"]
[SourceDate "2020.10.23"]
[SourceVersion "1"]
[SourceVersionDate "2020.10.23"]
[SourceQuality "1"]

1. Nf3 Nc6 2. b3 Nf6 3. Bb2 d6 4. g3 e5 5. Bg2 Be6 6. Nc3 Qd7 7. Ng5 Bf5 8. e4 Bg4 9. f3 Bh5 10. g4 Bg6 11. Nh3 Be7 12. Ne2 h5 13. g5 Nh7 14. f4 Bxe4 15. Bxe4 Qxh3 16. Ng3 exf4 17. Qxh5 Qxh5 18. Nxh5 Nxg5 19. Nxg7+ Kd7 20. Bf5+ Ne6 21. Nxe6 fxe6 22. Bxh8 Rxh8 23. Bg4 Nd4 24. 0-0-0 Kd8 25. c3 Nf5 26. Rdf1 Bg5 27. Re1 Kd7 28. Kd1 Rf8 29. Bxf5 exf5 30. h4 Bh6 31. Reg1 Rf6 32. h5 Ke7 33. Rg6 Kf7 34. Rxf6+ Kxf6 35. Rg1 Bg5 36. d3 c5 37. Ke2 b5 38. a4 a6 39. c4 bxc4 40. bxc4 f3+ 41. Kxf3 a5 42. Rg2 Bc1 43. Rg6+ Kf7 44. Rxd6 1-0

[Event "Hannover-chA"]
[Site "Lehrte"]
[Date "2010.10.10"]
[Round "3"]
[White "Brueckner, Michael"]
[Black "Fedderke, Joerg"]
[Result "0-1"]
[WhiteElo "1224"]
[BlackElo "1218"]
[PlyCount "118"]
[EventDate "2010.10.09"]
[EventType "swiss"]
[EventRounds "7"]
[EventCountry "GER"]
[SourceTitle "EXT 2021"]
[Source "ChessBase"]
[SourceDate "2020.10.23"]
[SourceVersion "1"]
[SourceVersionDate "2020.10.23"]
[SourceQuality "1"]

1. e4 e5 2. Nf3 d6 3. Bc4 h6 4. 0-0 Nf6 5. Nc3 Bd7 6. d4 Nc6 7. dxe5 dxe5 8. Be3 Bd6 9. a3 Qe7 10. Nd5 Nxd5 11. Qxd5 f6 12. b4 a6 13. Rab1 g5 14. Bc5 Rf8 15. Bxd6 cxd6 16. Rfd1 Rd8 17. Qxd6 Qxd6 18. Rxd6 Ke7 19. Rbd1 Bc8 20. Rxd8 Rxd8 21. Rxd8 Kxd8 22. c3 b5 23. Bd5 Kc7 24. Nd2 Ne7 25. Bb3 Kb6 26. c4 bxc4 27. Nxc4+ Kc6 28. Ba4+ Kc7 29. b5 axb5 30. Bxb5 Bb7 31. Nd2 Kb6 32. Bd3 Kc5 33. g3 Kd4 34. Bb1 Ba6 35. f3 Ke3 36. Nb3 Kxf3 37. Nc5 Bc4 38. Nd7 Ng8 39. a4 Ke3 40. a5 Bb5 41. Nc5 Ne7 42. a6 Nc6 43. Nd7 Bxa6 44. Nxf6 Kf3 45. Bc2 Be2 46. Ba4 Nd4 47. Bd7 Ke3 48. Bc8 Nf3+ 49. Kg2 Ne1+ 50. Kh3 Kf2 51. Ng4+ Kg1 52. Nxe5 Bf1+ 53. Kg4 Kxh2 54. Nf3+ Kg2 55. Nxe1+ Kf2 56. Nf3 Be2 57. e5 Bxf3+ 58. Kh3 h5 59. Bf5 Kg1 0-1

[Event "Enger Knappen Cup op-B"]
[Site "Enger"]
[Date "2009.12.29"]
[Round "6"]
[White "Wiegmann, Dominik"]
[Black "Brueckner, Michael"]
[Result "0-1"]
[WhiteElo "1259"]
[BlackElo "1233"]
[PlyCount "52"]
[EventDate "2009.12.27"]
[EventType "swiss"]
[EventRounds "7"]
[EventCountry "GER"]
[SourceTitle "EXT 2011"]
[Source "ChessBase"]
[SourceDate "2010.11.26"]
[SourceVersion "1"]
[SourceVersionDate "2010.11.26"]
[SourceQuality "1"]

1. e4 e5 2. Nf3 Nc6 3. Bc4 Nf6 4. Nc3 Be7 5. d3 0-0 6. 0-0 d6 7. Be3 Bg4 8. h3 Be6 9. Bxe6 fxe6 10. Ng5 Qd7 11. f4 exf4 12. Bxf4 d5 13. e5 Ne8 14. d4 g6 15. Ne2 Ng7 16. Qe1 Rxf4 17. Nxf4 Bxg5 18. Qg3 Qe7 19. c3 Rf8 20. Rf3 Rxf4 21. Rxf4 Nh5 22. Qf3 Nxf4 23. h4 Bh6 24. Rf1 Na5 25. g3 Nc4 26. Rf2 Nh3+ 0-1

[Event "Hannover-chA"]
[Site "Bueckeburg"]
[Date "2007.11.03"]
[Round "5"]
[White "Brueckner, Michael"]
[Black "Bahlmann, Tim"]
[Result "1-0"]
[WhiteElo "1303"]
[BlackElo "854"]
[PlyCount "57"]
[EventDate "2007.11.01"]
[EventType "swiss"]
[EventRounds "7"]
[EventCountry "GER"]
[SourceTitle "EXT 2021"]
[Source "ChessBase"]
[SourceDate "2020.10.23"]
[SourceVersion "1"]
[SourceVersionDate "2020.10.23"]
[SourceQuality "1"]

1. e4 g6 2. Nf3 Bg7 3. Bc4 e6 4. c3 f5 5. exf5 gxf5 6. d4 b6 7. 0-0 Bb7 8. Bg5 Nf6 9. Nbd2 d5 10. Bd3 Qe7 11. Ne5 Nbd7 12. Nxd7 Qxd7 13. Re1 0-0-0 14. a4 Rde8 15. Nf3 h6 16. Bf4 Nh5 17. Be5 Bxe5 18. Nxe5 Qg7 19. Qxh5 a5 20. Qg6 Rhg8 21. Qxg7 Rxg7 22. Bb5 Reg8 23. g3 Kd8 24. Nc6+ Bxc6 25. Bxc6 h5 26. Rxe6 f4 27. Rae1 fxg3 28. Re8+ Rxe8 29. Rxe8# 1-0

[Event "Hannover-chA"]
[Site "Bueckeburg"]
[Date "2007.11.02"]
[Round "4"]
[White "Wenzel, Wolfgang"]
[Black "Brueckner, Michael"]
[Result "1-0"]
[WhiteElo "1314"]
[BlackElo "1303"]
[PlyCount "79"]
[EventDate "2007.11.01"]
[EventType "swiss"]
[EventRounds "7"]
[EventCountry "GER"]
[SourceTitle "EXT 2021"]
[Source "ChessBase"]
[SourceDate "2020.10.23"]
[SourceVersion "1"]
[SourceVersionDate "2020.10.23"]
[SourceQuality "1"]

1. e4 e5 2. f4 Nc6 3. Nf3 Bc5 4. fxe5 Nxe5 5. Nxe5 Qh4+ 6. g3 Qxe4+ 7. Qe2 Nf6 8. Nd3 0-0 9. Qxe4 Nxe4 10. Bg2 Re8 11. Bxe4 Rxe4+ 12. Kf1 Bb6 13. Nc3 Re8 14. Nd5 d6 15. Nxb6 axb6 16. Nf2 Ra5 17. d3 Rf5 18. g4 Rf3 19. Kg2 Rf6 20. Ne4 Rg6 21. h3 f5 22. Nf2 Bd7 23. Kg3 Rf8 24. g5 Re6 25. Bf4 c6 26. Rae1 Rfe8 27. Bd2 Re2 28. Rxe2 Rxe2 29. Rd1 Be8 30. Bf4 Bh5 31. Rd2 Re6 32. d4 d5 33. Be5 h6 34. Kf4 hxg5+ 35. Kxf5 Rg6 36. Ng4 Kf7 37. Rd3 b5 38. b4 Re6 39. Kxg5 Bg6 40. Rf3+ 1-0

[Event "Hannover-chA"]
[Site "Bueckeburg"]
[Date "2007.11.01"]
[Round "1"]
[White "Brueckner, Michael"]
[Black "Lieberum, Bodo"]
[Result "1-0"]
[WhiteElo "1303"]
[BlackElo "1416"]
[PlyCount "73"]
[EventDate "2007.11.01"]
[EventType "swiss"]
[EventRounds "7"]
[EventCountry "GER"]
[SourceTitle "EXT 2021"]
[Source "ChessBase"]
[SourceDate "2020.10.23"]
[SourceVersion "1"]
[SourceVersionDate "2020.10.23"]
[SourceQuality "1"]

1. e4 e5 2. Nf3 Nc6 3. Bc4 Bc5 4. d3 h6 5. 0-0 Qf6 6. Be3 d6 7. Bxc5 dxc5 8. Nbd2 Bg4 9. c3 Nge7 10. a3 0-0 11. b4 Ng6 12. Qe1 Bxf3 13. Nxf3 Nf4 14. Qe3 Qg6 15. g3 Qg4 16. Kh1 Nh3 17. b5 Na5 18. Nxe5 Nxc4 19. Nxg4 Nxe3 20. fxe3 Rad8 21. d4 cxd4 22. exd4 Ng5 23. e5 Ne4 24. Rac1 Nd2 25. Rf4 h5 26. Ne3 g5 27. Rf5 Ne4 28. Kg2 Kg7 29. Kf3 Nd2+ 30. Ke2 Nb3 31. Rb1 Na5 32. Rxg5+ Kh6 33. h4 c6 34. Rf1 Nb3 35. Rf6+ Kh7 36. Nf5 Nxd4+ 37. cxd4 1-0